| 000 | 00373nam a2200145Ia 4500 | ||
|---|---|---|---|
| 008 | 150201s2001 xx 000 0 und d | ||
| 082 |
_a615.321 _bB2001K |
||
| 100 | _aKATZUNG,BERTRAM | ||
| 245 | _aBASIC & CLINICAL PHARMACOLOGY | ||
| 250 | _a8TH | ||
| 260 |
_bMc-GRAW-HILL L PUBLISHING _aNEW YORK _c2001 |
||
| 300 | _a1-1217 | ||
| 650 | _aPHARMACOLOGY | ||
| 942 |
_2ddc _cBK _01 |
||
| 999 |
_c2657 _d2657 |
||